000 00388nam a2200145 i 4500
001 27665
003 ES-MaACL
007 t|
008 030115s1974 fr ||||1| fre d
100 1 _aAudouard, Yvan.
_923863
245 1 0 _aLettre ouverte aux cons /
_cYvan Audouard.
260 _a[Paris] :
_bAlbin Michel,
_c[1974]
300 _a185 p. ;
_c21 cm.
852 _aES-MaACL
_jE-7081
_bR.91317
999 _c27665
_d27665